LEADER 00945nas a2200253 i 4500 001 000000159203 003 CaOOAMICUS 005 20070306000000.0 008 070220b2006 it uu u0 0ita r 013 $a136566 020 $a88-343-1310-0 020 $a978-88-343-1310-7 040 $aSeMil$bita 245 10$a2006. 260 $aMilano :$bVita e Pensiero,$ccopyr. 2006. 300 $a446 p. :$btabelle ;$c24 cm. 773 0 $tAnnali di Storia Moderna e Contemporanea.$dMilano : Vita e Pensiero, copyr. 1995.$w()1843 850 $aSeMil 852 $aSeMil$W1$xVenegono$y1$m250 4 12$j110761$B110761$CSeMilBibl$Z2$F121195 $85 961 $aAbbonamento: Vita e Pensiero 996 $6020$a88-343-1310-0$9(OLS)http://semarc/number/74736 996 $6020$a978-88-343-1310-7$9(OLS)http://semarc/number/74737 996 $6245$a2006$9(OLS)http://semarc/title/140579 996 $6260$aMilano :$bVita e Pensiero$9(OLS)http://semarc/publisher/29642 LEADER 00920nam a2200193 i 4500 001 000000240102 003 CaOOAMICUS 005 20150324000000.0 008 150324s1826 it u000 u ita u 013 $a219007 026 $aTODI taa. neli topi (7) 1826 (R) 040 $aSeMil$bita 245 10$aVol. 2. 300 $a306, [2] p. 773 0 $tBiblioteca scelta di orazioni sacre ossia collezione completa di panegirici per le feste di nostro signore della B. Vergine e de' Santi tratte dai migliori scrittori ... Volume 1. [-25.].$dIn Como : Coi tipi di C. Pietro Ostinelli, 1825-1829.$g7$w()31621 773 0 $tRaccolta di panegirici sopra i misteri di Nostro Signore. Volume 1. [-7.].$dIn Como : Coi tipi di C. Pietro Ostinelli, 1826-1827.$g2$w()31623 850 $aSeMil 852 $aSeMil$W1$xVenegono$y1$m3D III 198 FA$j190448$B190448$CSeMilBibl$Z2$F201298 $8I 996 $6245$aVol. 2$9(OLS)http://semarc/title/13458